01323nam a2200325 a 4500001001200000003000800012006001900020007001500039008004100054010001700095020004300112020002700155040002100182035002100203050002300224082001700247100001600264245014300280250001200423260006200435300001600497440005000513504005100563533015200614650004600766650001300812655002900825710001700854856012600871ebr10642162CaPaEBRm u cr cn|||||||||120227s2013 pau sb 001 0 eng d z 2012007873 z9780812244403 (hardcover : alk. paper) z9780812207279 (e-book) aCaPaEBRcCaPaEBR a(OCoLC)82371814114aK3249b.D35 2013eb04a342.08/52231 aDaly, Erin.10aDignity rightsh[electronic resource] :bcourts, constitutions, and the worth of the human person /cErin Daly ; foreword by Aharon Barak. a1st ed. aPhiladelphia :bUniversity of Pennsylvania Press,cc2013. axii, 229 p. 0aDemocracy, citizenship, and constitutionalism aIncludes bibliographical references and index. aElectronic reproduction.bPalo Alto, Calif. :cebrary,d2013.nAvailable via World Wide Web.nAccess may be limited to ebrary affiliated libraries. 0aRespect for personsxLaw and legislation. 0aDignity. 7aElectronic books.2local2 aebrary, Inc.40uhttp://site.ebrary.com/lib/rucke/Doc?id=10642162zAn electronic book accessible through the World Wide Web; click to view